| 000 | 01481 a2200265 4500 | ||
|---|---|---|---|
| 003 | Nust | ||
| 005 | 20221124082011.0 | ||
| 010 | _a 2003054667 | ||
| 020 | _a0792375483 (alk. paper) | ||
| 040 | _cNust | ||
| 082 | 0 | 0 | _a621.382,BAR |
| 100 | 1 |
_aBarry, John R., _9103453 |
|
| 245 | 1 | 0 |
_aDigital communication / _cJohn R. Barry, Edward A. Lee, David G. Messerschmitt. |
| 250 | _a3rd ed. | ||
| 260 |
_aBoston : _bKluwer Academic Publishers, _cc2004. |
||
| 300 |
_axvi, 838 p. : _bill. ; _c27 cm. |
||
| 505 | _aIntroduction (Page-1), Deterministic Signal Processing (Page-11), Stochastic Signal Processing (Page-57), Limits of Communication (Page-113), Pulse-Amplitude Modulation (Page-131), Advanced Modulation (Page-203), Probabilistic Detection (Page-285), Equalization (Page-345), Adaptive Equalization (Page-423), MIMO Communication (Page-461), Fading and Diversity (Page-537), Error Control (Page-571), Signal Space Coding (Page-651), Phase Locked Loops (Page-701), Carrier Recovery (Page-727), Timing Recovery (Page-739), Multiple Access Alternatives (Page-767). | ||
| 650 | 0 |
_aDigital communications. _9237 |
|
| 700 | 1 |
_aLee, Edward A., _d1957- _9103454 |
|
| 700 | 1 |
_aLee, Edward A., _d1957- _9103454 |
|
| 700 | 1 |
_aMesserschmitt, David G. _980537 |
|
| 856 | 4 | 2 |
_3Publisher description _uhttp://www.loc.gov/catdir/enhancements/fy0820/2003054667-d.html |
| 856 | 4 | 2 |
_3Table of contents only _uhttp://www.loc.gov/catdir/enhancements/fy0820/2003054667-t.html |
| 942 |
_2ddc _cBK |
||
| 999 |
_c175813 _d175813 |
||